[Event "Guillermo Garcia Memorial-B 12th"]
[Site "Santa Clara"]
[Date "2004.05.27"]
[Round "7"]
[White "Delgado Ramirez, Neuris"]
[Black "Vera Gonzalez Quevedo, Reynaldo"]
[Result "1-0"]
[WhiteElo "2557"]
[BlackElo "2444"]
[PlyCount "77"]
[EventDate "2004.05.21"]
[EventType "tourn"]
[EventRounds "13"]
[EventCountry "CUB"]
[EventCategory "8"]
[SourceTitle "CBM 100 Extra"]
[Source "ChessBase"]
[SourceDate "2004.07.06"]
[SourceVersion "2"]
[SourceVersionDate "2004.07.06"]
[SourceQuality "1"]

1. e4 c5 2. Nf3 d6 3. Bb5+ Bd7 4. Bxd7+ Qxd7 5. O-O Nf6 6. Qe2 Nc6 7. c3 e6 8.
d4 cxd4 9. cxd4 d5 10. e5 Ne4 11. Nc3 Nxc3 12. bxc3 Rc8 13. Ng5 h6 14. Nh3 Na5
15. Bd2 Nc4 16. f4 g6 17. Be1 Be7 18. g4 Qb5 19. f5 g5 20. Nf2 Rc7 21. Nd3 Nb2
22. Rb1 Qxd3 23. Rxb2 Qxe2 24. Rxe2 Rc4 25. Rb2 b6 26. f6 Bf8 27. Rf3 Rg8 28.
Kf1 Kd7 29. Rg2 b5 30. h4 gxh4 31. Rh3 b4 32. cxb4 Rc1 33. a3 Rd1 34. Rc3 Rxd4
35. Rgc2 Rc4 36. Rxc4 dxc4 37. Rxc4 h3 38. Bd2 h5 39. g5 1-0

[Event "Guillermo Garcia Memorial-B 12th"]
[Site "Santa Clara"]
[Date "2004.05.28"]
[Round "8"]
[White "Arancibia Guzman, Eduardo"]
[Black "Delgado Ramirez, Neuris"]
[Result "1/2-1/2"]
[WhiteElo "2408"]
[BlackElo "2557"]
[PlyCount "133"]
[EventDate "2004.05.21"]
[EventType "tourn"]
[EventRounds "13"]
[EventCountry "CUB"]
[EventCategory "8"]
[SourceTitle "CBM 100 Extra"]
[Source "ChessBase"]
[SourceDate "2004.07.06"]
[SourceVersion "2"]
[SourceVersionDate "2004.07.06"]
[SourceQuality "1"]

1. e4 c5 2. Nf3 d6 3. d4 cxd4 4. Nxd4 Nf6 5. Nc3 a6 6. Bc4 e6 7. Bb3 Nbd7 8. f4
Nc5 9. f5 b5 10. fxe6 fxe6 11. Qf3 Bd7 12. Bg5 Be7 13. e5 dxe5 14. Nc6 Bxc6 15.
Qxc6+ Kf7 16. Rf1 Qd4 17. Qf3 Rhd8 18. Be3 Qh4+ 19. g3 Qh3 20. Bxc5 Bxc5 21.
Ne4 Qh6 22. h4 Qe3+ 23. Qxe3 Bxe3 24. Ng5+ Kg6 25. Nxe6 Rd2 26. Rf3 Rg2 27. Rd1
Bh6 28. Kf1 Rh2 29. Kg1 Rd2 30. Rxd2 Bxd2 31. Rf1 e4 32. Kg2 h5 33. Rd1 e3 34.
Kf3 Ng4 35. Nf4+ Kh6 36. Be6 Nf6 37. Bh3 Re8 38. Bf5 Re5 39. Bd3 Ng4 40. Ke2 g5
41. Nh3 gxh4 42. gxh4 Re6 43. Rf1 Rf6 44. Rxf6+ Nxf6 45. Nf4 Kg7 46. b3 Kh6 47.
a4 bxa4 48. bxa4 a5 49. Bf5 Ne8 50. Ng2 Nd6 51. Bd3 Bc3 52. Nxe3 Bf6 53. Ng2
Nb7 54. Kf3 Nc5 55. Bb5 Be5 56. Be8 Kh7 57. Nf4 Bf6 58. Nxh5 Bxh4 59. Kg4 Be1
60. Kf5 Bc3 61. Nf4 Kg7 62. Nd5 Be1 63. Ke5 Bg3+ 64. Kf5 Kf8 65. Bb5 Kf7 66. c3
Bd6 67. Ne3 1/2-1/2

[Event "Guillermo Garcia Memorial-B 12th"]
[Site "Santa Clara"]
[Date "2004.05.29"]
[Round "9"]
[White "Delgado Ramirez, Neuris"]
[Black "Labollita, Martin"]
[Result "1-0"]
[WhiteElo "2557"]
[BlackElo "2452"]
[PlyCount "127"]
[EventDate "2004.05.21"]
[EventType "tourn"]
[EventRounds "13"]
[EventCountry "CUB"]
[EventCategory "8"]
[SourceTitle "CBM 100 Extra"]
[Source "ChessBase"]
[SourceDate "2004.07.06"]
[SourceVersion "2"]
[SourceVersionDate "2004.07.06"]
[SourceQuality "1"]

1. e4 c6 2. d4 d5 3. exd5 cxd5 4. Bd3 Nc6 5. c3 Qc7 6. h3 g6 7. Ne2 Bh6 8. O-O
Bf5 9. Bxf5 gxf5 10. Bxh6 Nxh6 11. Qc1 Qd6 12. c4 dxc4 13. Qxc4 f4 14. Nd2 Rd8
15. Nf3 Nb4 16. Qb5+ Kf8 17. Qxb7 Nd5 18. Nc3 Rg8 19. Nxd5 Qxd5 20. Qxd5 Rxd5
21. Rac1 Rg6 22. Rfe1 Nf5 23. Re4 Ra6 24. a3 Ra4 25. Rxf4 Nxd4 26. Rc8+ Kg7 27.
Nxd4 Raxd4 28. Rxd4 Rxd4 29. Rc7 Rd1+ 30. Kh2 Rd2 31. b4 Rxf2 32. Rxe7 a6 33.
Re5 Rf6 34. g4 Rd6 35. Ra5 Kf6 36. Kg3 Ke7 37. Kf4 Kd7 38. Rf5 Ke7 39. Ke4 Rg6
40. Rh5 h6 41. Kd4 Rc6 42. Rc5 Rb6 43. Rc7+ Ke6 44. Kc5 Rb8 45. Kc4 Rb6 46. a4
Rd6 47. Kc5 Rd5+ 48. Kb6 Rd4 49. Ka5 h5 50. Rc6+ Ke7 51. Rxa6 hxg4 52. hxg4
Rxg4 53. Rc6 f5 54. b5 Rg8 55. b6 f4 56. Rc4 Ra8+ 57. Kb5 Rf8 58. b7 f3 59. Kc6
Ke6 60. Re4+ Kf5 61. Re1 Kf4 62. Kc7 Rf7+ 63. Kb6 Rf8 64. Ka7 1-0

[Event "Guillermo Garcia Memorial-B 12th"]
[Site "Santa Clara"]
[Date "2004.05.30"]
[Round "10"]
[White "Zugic, Igor"]
[Black "Delgado Ramirez, Neuris"]
[Result "1/2-1/2"]
[WhiteElo "2478"]
[BlackElo "2557"]
[PlyCount "38"]
[EventDate "2004.05.21"]
[EventType "tourn"]
[EventRounds "13"]
[EventCountry "CUB"]
[EventCategory "8"]
[SourceTitle "CBM 100 Extra"]
[Source "ChessBase"]
[SourceDate "2004.07.06"]
[SourceVersion "2"]
[SourceVersionDate "2004.07.06"]
[SourceQuality "1"]

1. d4 Nf6 2. c4 e6 3. Nc3 Bb4 4. e3 O-O 5. Bd3 d5 6. Nge2 c5 7. cxd5 exd5 8. a3
Bxc3+ 9. bxc3 b6 10. O-O Ba6 11. Bxa6 Nxa6 12. Qd3 Qc8 13. f3 Nc7 14. e4 Qa6
15. Qxa6 Nxa6 16. Bg5 dxe4 17. Bxf6 exf3 18. Rxf3 gxf6 19. Rxf6 Rad8 1/2-1/2

[Event "Guillermo Garcia Memorial-B 12th"]
[Site "Santa Clara"]
[Date "2004.06.01"]
[Round "11"]
[White "Delgado Ramirez, Neuris"]
[Black "Lopez Martinez, Josep Manuel"]
[Result "1/2-1/2"]
[WhiteElo "2557"]
[BlackElo "2440"]
[PlyCount "71"]
[EventDate "2004.05.21"]
[EventType "tourn"]
[EventRounds "13"]
[EventCountry "CUB"]
[EventCategory "8"]
[SourceTitle "CBM 100 Extra"]
[Source "ChessBase"]
[SourceDate "2004.07.06"]
[SourceVersion "2"]
[SourceVersionDate "2004.07.06"]
[SourceQuality "1"]

1. e4 c5 2. Nf3 Nf6 3. e5 Nd5 4. Nc3 e6 5. Nxd5 exd5 6. d4 Nc6 7. dxc5 Bxc5 8.
Bd3 d6 9. exd6 O-O 10. O-O Qxd6 11. c3 Be6 12. Be3 Rad8 13. Bxc5 Qxc5 14. Ng5
h6 15. Nxe6 fxe6 16. Qe2 Rf6 17. Rae1 Rdf8 18. Qe3 Qxe3 19. Rxe3 Kf7 20. Rd1
Ke7 21. f3 Kd6 22. Be2 Rd8 23. b4 Kc7 24. a3 Rd6 25. c4 dxc4 26. Rxd6 Kxd6 27.
Bxc4 e5 28. Rc3 Rf4 29. Bd3 Rd4 30. Kf2 a5 31. bxa5 Nxa5 32. Be4 Rc4 33. Rd3+
Rd4 34. Rc3 Rc4 35. Rd3+ Rd4 36. Rc3 1/2-1/2

[Event "Guillermo Garcia Memorial-B 12th"]
[Site "Santa Clara"]
[Date "2004.06.02"]
[Round "12"]
[White "Esquivel, Luis Enrique"]
[Black "Delgado Ramirez, Neuris"]
[Result "0-1"]
[WhiteElo "2314"]
[BlackElo "2557"]
[PlyCount "42"]
[EventDate "2004.05.21"]
[EventType "tourn"]
[EventRounds "13"]
[EventCountry "CUB"]
[EventCategory "8"]
[SourceTitle "CBM 100 Extra"]
[Source "ChessBase"]
[SourceDate "2004.07.06"]
[SourceVersion "2"]
[SourceVersionDate "2004.07.06"]
[SourceQuality "1"]

1. e4 c5 2. Nf3 d6 3. d4 cxd4 4. Nxd4 Nf6 5. Nc3 a6 6. Rg1 e5 7. Nb3 h5 8. Bg5
Be6 9. Qd2 Nbd7 10. O-O-O Rc8 11. f4 Be7 12. f5 Bc4 13. Bxc4 Rxc4 14. Qd3 b5
15. Rge1 Qc8 16. Bxf6 Nxf6 17. Re2 Qc7 18. Nd5 Nxd5 19. Qxd5 O-O 20. f6 Bxf6
21. Qxd6 Bg5+ 0-1

[Event "Sao Paulo Communic 6th"]
[Site "Sao Paulo"]
[Date "2004.06.15"]
[Round "1"]
[White "Fernandez, Daniel"]
[Black "Delgado Ramirez, Neuris"]
[Result "0-1"]
[WhiteElo "2317"]
[BlackElo "2557"]
[PlyCount "76"]
[EventDate "2004.06.15"]
[EventType "tourn"]
[EventRounds "9"]
[EventCountry "BRA"]
[EventCategory "5"]
[SourceTitle "CBM 100 Extra"]
[Source "ChessBase"]
[SourceDate "2004.07.06"]
[SourceVersion "2"]
[SourceVersionDate "2004.07.06"]
[SourceQuality "1"]

1. e4 c5 2. Nf3 d6 3. d4 cxd4 4. Nxd4 Nf6 5. Nc3 a6 6. f3 e5 7. Nb3 Be7 8. Be3
O-O 9. Qd2 Be6 10. O-O-O a5 11. Bb5 Na6 12. Kb1 Nc7 13. a4 Nxb5 14. Nxb5 Ra6
15. g4 Qc8 16. Nc1 d5 17. g5 d4 18. Bxd4 exd4 19. gxf6 Bxf6 20. f4 Rd8 21. Nd3
Qc6 22. Rde1 Bc4 23. h4 Bxb5 24. axb5 Qxb5 25. h5 Be7 26. Reg1 a4 27. Qg2 Bf8
28. Rh3 a3 29. Rg3 g6 30. hxg6 fxg6 31. b3 a2+ 32. Ka1 Qa5 33. f5 Ba3 34. b4
Qc7 35. Nc5 Bxb4 36. fxg6 h6 37. Nxa6 Bc3+ 38. Rxc3 Qxc3+ 0-1

[Event "Sao Paulo Communic 6th"]
[Site "Sao Paulo"]
[Date "2004.06.16"]
[Round "2"]
[White "Delgado Ramirez, Neuris"]
[Black "Fier, Alexandr"]
[Result "1/2-1/2"]
[WhiteElo "2557"]
[BlackElo "2258"]
[PlyCount "75"]
[EventDate "2004.06.15"]
[EventType "tourn"]
[EventRounds "9"]
[EventCountry "BRA"]
[EventCategory "5"]
[SourceTitle "CBM 100 Extra"]
[Source "ChessBase"]
[SourceDate "2004.07.06"]
[SourceVersion "2"]
[SourceVersionDate "2004.07.06"]
[SourceQuality "1"]

1. e4 c5 2. Nf3 e6 3. Nc3 Nc6 4. g3 Nf6 5. Bg2 d5 6. exd5 exd5 7. O-O d4 8.
Re1+ Be7 9. Na4 O-O 10. b3 Bg4 11. h3 Be6 12. Ba3 Nd7 13. c4 Rc8 14. d3 h6 15.
Nd2 b6 16. f4 g6 17. Qf3 Nf6 18. g4 Bd6 19. Ne4 Nxe4 20. dxe4 f6 21. Nb2 g5 22.
Nd3 gxf4 23. Nxf4 Ne5 24. Qf1 Qe7 25. Bc1 Kh7 26. Nh5 Ng6 27. Qf2 Rf7 28. Rf1
Be5 29. Bd2 a6 30. a4 a5 31. Rad1 Rh8 32. Bc1 Rd8 33. Rd3 Rd6 34. Kh1 Bd7 35.
Qd2 Qf8 36. Qf2 Qe7 37. Qd2 Qf8 38. Qf2 1/2-1/2

[Event "Sao Paulo Communic 6th"]
[Site "Sao Paulo"]
[Date "2004.06.18"]
[Round "4"]
[White "Needleman, Alejandro"]
[Black "Delgado Ramirez, Neuris"]
[Result "1/2-1/2"]
[WhiteElo "2420"]
[BlackElo "2557"]
[PlyCount "111"]
[EventDate "2004.06.15"]
[EventType "tourn"]
[EventRounds "9"]
[EventCountry "BRA"]
[EventCategory "5"]
[SourceTitle "CBM 100 Extra"]
[Source "ChessBase"]
[SourceDate "2004.07.06"]
[SourceVersion "2"]
[SourceVersionDate "2004.07.06"]
[SourceQuality "1"]

1. e4 c5 2. Nf3 d6 3. d4 cxd4 4. Nxd4 Nf6 5. Nc3 a6 6. Be2 e5 7. Nb3 Be7 8. Bg5
Be6 9. Bxf6 Bxf6 10. Qd3 O-O 11. O-O-O Be7 12. Nd5 Bxd5 13. Qxd5 Qc7 14. h4 Nd7
15. Kb1 Nf6 16. Qd3 Qc6 17. Nd2 b5 18. g4 Nd7 19. g5 Nc5 20. Qe3 Ne6 21. Rdg1
Rac8 22. Bd3 Qc5 23. Nf1 Nf4 24. Rg4 Rfd8 25. Rxf4 exf4 26. Qxf4 d5 27. e5 Qb4
28. Qc1 Rc3 29. Rh3 Rdc8 30. f4 a5 31. a3 Rxa3 32. Bxh7+ Kxh7 33. Rxa3 a4 34.
Rd3 Qe4 35. Ng3 Qxd3 36. cxd3 Rxc1+ 37. Kxc1 Bc5 38. f5 g6 39. e6 gxf5 40. e7
Bxe7 41. Nxf5 Bc5 42. h5 b4 43. Kb1 b3 44. d4 Bb6 45. Ne3 Bxd4 46. Nxd5 Kg7 47.
Ne7 Be5 48. Nd5 Bg3 49. Nc3 Bf4 50. g6 f6 51. Nxa4 Be3 52. Nc3 Bd4 53. Ne2 Be5
54. Nc1 Kh6 55. Nxb3 Kxh5 56. Nd2 1/2-1/2

[Event "Sao Paulo Communic 6th"]
[Site "Sao Paulo"]
[Date "2004.06.19"]
[Round "5"]
[White "Delgado Ramirez, Neuris"]
[Black "Rodriguez Vila, Andres"]
[Result "1/2-1/2"]
[WhiteElo "2557"]
[BlackElo "2556"]
[PlyCount "106"]
[EventDate "2004.06.15"]
[EventType "tourn"]
[EventRounds "9"]
[EventCountry "BRA"]
[EventCategory "5"]
[SourceTitle "CBM 100 Extra"]
[Source "ChessBase"]
[SourceDate "2004.07.06"]
[SourceVersion "2"]
[SourceVersionDate "2004.07.06"]
[SourceQuality "1"]

1. e4 e6 2. d4 d5 3. Nd2 Nf6 4. e5 Nfd7 5. Bd3 c5 6. c3 Nc6 7. Ne2 cxd4 8. cxd4
f6 9. exf6 Nxf6 10. Nf3 Qc7 11. O-O Bd6 12. Bg5 O-O 13. Bh4 Nh5 14. Qc2 h6 15.
Bh7+ Kh8 16. Bg6 Rxf3 17. Bxh5 Bxh2+ 18. Kh1 Rf8 19. f4 Bxf4 20. Nxf4 Rxf4 21.
Bg3 Rxf1+ 22. Rxf1 Qd8 23. Rf7 Nxd4 24. Qf2 Nf5 25. Bg6 Nxg3+ 26. Qxg3 e5 27.
Qxe5 Qg8 28. Rf4 Qd8 29. Rf7 Qg8 30. Qxd5 a5 31. a3 Ra6 32. Qf3 Rxg6 33. Rf8
Be6 34. Rxg8+ Bxg8 35. Qxb7 Rg5 36. Qa8 Kh7 37. Qe4+ Kh8 38. b4 axb4 39. axb4
Bd5 40. Qe8+ Kh7 41. Qe2 Kg8 42. b5 Bxg2+ 43. Qxg2 Rxb5 44. Qa8+ Kf7 45. Qa2+
Kf8 46. Kg2 Rg5+ 47. Kf3 Rf5+ 48. Ke4 Rf6 49. Ke5 h5 50. Qc4 Rh6 51. Qc8+ Kf7
52. Qc4+ Kf8 53. Qh4 Kf7 1/2-1/2

[Event "Sao Paulo Communic 6th"]
[Site "Sao Paulo"]
[Date "2004.06.19"]
[Round "6"]
[White "Santos, Marcus Vinicius M"]
[Black "Delgado Ramirez, Neuris"]
[Result "0-1"]
[WhiteElo "2305"]
[BlackElo "2557"]
[PlyCount "68"]
[EventDate "2004.06.15"]
[EventType "tourn"]
[EventRounds "9"]
[EventCountry "BRA"]
[EventCategory "5"]
[SourceTitle "CBM 100 Extra"]
[Source "ChessBase"]
[SourceDate "2004.07.06"]
[SourceVersion "2"]
[SourceVersionDate "2004.07.06"]
[SourceQuality "1"]

1. d4 Nf6 2. c4 e6 3. Nc3 Bb4 4. e3 b6 5. a3 Bxc3+ 6. bxc3 Nc6 7. Bd3 Na5 8.
Rb1 Ba6 9. Qe2 d6 10. e4 e5 11. f4 Qe7 12. Nf3 Nd7 13. O-O c5 14. fxe5 dxe5 15.
dxe5 h6 16. Bf4 Nf8 17. Bg3 Ng6 18. h4 Nc6 19. e6 Qxe6 20. e5 Rd8 21. Rf2 Qg4
22. Kh2 O-O 23. Re1 Nf4 24. Bxf4 Qxf4+ 25. Kg1 Qg4 26. Qc2 Bxc4 27. Bf5 Qg3 28.
Qc1 Ne7 29. Bb1 Ng6 30. Bxg6 Qxg6 31. Qf4 Be6 32. Nh2 Rd3 33. Qa4 Rxc3 34. Qxa7
Rb3 0-1

[Event "Sao Paulo Communic 6th"]
[Site "Sao Paulo"]
[Date "2004.06.20"]
[Round "7"]
[White "Delgado Ramirez, Neuris"]
[Black "Frenklakh, Valery"]
[Result "1-0"]
[WhiteElo "2557"]
[BlackElo "2280"]
[PlyCount "77"]
[EventDate "2004.06.15"]
[EventType "tourn"]
[EventRounds "9"]
[EventCountry "BRA"]
[EventCategory "5"]
[SourceTitle "CBM 100 Extra"]
[Source "ChessBase"]
[SourceDate "2004.07.06"]
[SourceVersion "2"]
[SourceVersionDate "2004.07.06"]
[SourceQuality "1"]

1. e4 c5 2. Nf3 e6 3. b3 Nc6 4. Bb2 d6 5. Bb5 Bd7 6. c4 e5 7. Nc3 Nf6 8. Bxc6
Bxc6 9. d3 g6 10. a3 Bg7 11. b4 b6 12. O-O O-O 13. Bc1 h6 14. Rb1 Ne8 15. Nd5
Bxd5 16. cxd5 f5 17. bxc5 fxe4 18. dxe4 dxc5 19. Bb2 Qe7 20. a4 Nd6 21. Nd2 Rf7
22. Qe2 Re8 23. Nc4 Nxc4 24. Qxc4 Qd6 25. Bc3 Kh7 26. a5 Ref8 27. Qa6 Rb8 28.
Rb2 Rfb7 29. Rfb1 Bf6 30. Ra1 Be7 31. axb6 axb6 32. Qb5 g5 33. Rba2 Bf6 34. Ra8
Rxa8 35. Rxa8 Bg7 36. Qe8 b5 37. Qg8+ Kg6 38. g4 b4 39. Bxe5 1-0

[Event "Sao Paulo Communic 6th"]
[Site "Sao Paulo"]
[Date "2004.06.21"]
[Round "8"]
[White "Aranha Filho, Alvaro Zimmermann"]
[Black "Delgado Ramirez, Neuris"]
[Result "1-0"]
[WhiteElo "2287"]
[BlackElo "2557"]
[PlyCount "80"]
[EventDate "2004.06.15"]
[EventType "tourn"]
[EventRounds "9"]
[EventCountry "BRA"]
[EventCategory "5"]
[SourceTitle "CBM 100 Extra"]
[Source "ChessBase"]
[SourceDate "2004.07.06"]
[SourceVersion "2"]
[SourceVersionDate "2004.07.06"]
[SourceQuality "1"]

1. d4 Nf6 2. Nf3 c5 3. c3 b6 4. Bg5 Bb7 5. Nbd2 h6 6. Bh4 e6 7. e3 Be7 8. Bd3
Nc6 9. a3 O-O 10. O-O d6 11. Qe2 Re8 12. Rfd1 Nh5 13. Bxe7 Qxe7 14. Ba6 Rad8
15. Bxb7 Qxb7 16. b4 Nf6 17. dxc5 bxc5 18. Qc4 d5 19. Qb3 c4 20. Qc2 Ng4 21.
Rab1 f5 22. h3 Nf6 23. b5 Nb8 24. Ne5 Qc7 25. Ndf3 Nfd7 26. Nxd7 Nxd7 27. Nd4
Nc5 28. Nc6 Rd7 29. f4 g5 30. g3 Rg7 31. Kh2 Ne4 32. Rg1 Kh7 33. a4 Reg8 34. a5
gxf4 35. gxf4 Rg3 36. Rxg3 Rxg3 37. Rg1 Rxe3 38. Ne5 Qxa5 39. Rg6 Qc7 40. Qg2
Ng5 1-0

[Event "Sao Paulo Communic 7th"]
[Site "Sao Paulo"]
[Date "2004.??.??"]
[Round "?"]
[White "Delgado Ramirez, Neuris"]
[Black "Diamant, Andre"]
[Result "1-0"]
[WhiteElo "2535"]
[BlackElo "2227"]
[PlyCount "65"]
[EventDate "2004.06.17"]
[EventType "tourn"]
[EventRounds "9"]
[EventCountry "BRA"]
[EventCategory "4"]
[SourceTitle "EXT 2007"]
[Source "ChessBase"]
[SourceDate "2006.11.23"]
[SourceVersion "1"]
[SourceVersionDate "2006.11.23"]
[SourceQuality "1"]

1. Nf3 Nf6 2. g3 g6 3. Bg2 Bg7 4. O-O O-O 5. d4 d6 6. a4 a6 7. Nc3 Nbd7 8. e4
Rb8 9. h3 e5 10. a5 Re8 11. Re1 exd4 12. Nxd4 Nc5 13. Bf4 Nh5 14. Be3 Nf6 15.
f3 d5 16. b4 Ne6 17. e5 Nh5 18. Bf2 f6 19. exf6 Bxf6 20. Qd2 c6 21. Rad1 Bd7
22. Nxe6 Rxe6 23. Nxd5 cxd5 24. Qxd5 Qc8 25. Qxd7 Rxe1+ 26. Bxe1 Qxc2 27. Bf2
Qc3 28. Qd6 Rf8 29. Qc5 Qb2 30. f4 Re8 31. Bxb7 Re2 32. Rd7 Ng7 33. Bd5+ 1-0

[Event "Sao Paulo Communic 7th"]
[Site "Sao Paulo"]
[Date "2004.??.??"]
[Round "?"]
[White "Delgado Ramirez, Neuris"]
[Black "Frenklakh, Valery"]
[Result "1-0"]
[WhiteElo "2535"]
[BlackElo "2280"]
[PlyCount "47"]
[EventDate "2004.06.17"]
[EventType "tourn"]
[EventRounds "9"]
[EventCountry "BRA"]
[EventCategory "4"]
[SourceTitle "EXT 2007"]
[Source "ChessBase"]
[SourceDate "2006.11.23"]
[SourceVersion "1"]
[SourceVersionDate "2006.11.23"]
[SourceQuality "1"]

1. e4 e5 2. Nf3 d6 3. d4 exd4 4. Qxd4 Bd7 5. Bg5 Nc6 6. Qd2 Be7 7. h4 Nf6 8.
Nc3 O-O 9. O-O-O Be6 10. Bd3 Ne5 11. Nd4 Nxd3+ 12. Qxd3 Ng4 13. Qg3 h5 14. f3
Ne5 15. Nf5 Bxg5+ 16. hxg5 g6 17. Nh6+ Kg7 18. Nd5 Bxd5 19. Rxd5 Qc8 20. Rxe5
dxe5 21. Qxe5+ Kh7 22. Ng4 Qe6 23. Nf6+ Kh8 24. Nxh5+ 1-0

[Event "Sao Paulo Communic 7th"]
[Site "Sao Paulo"]
[Date "2004.??.??"]
[Round "?"]
[White "Delgado Ramirez, Neuris"]
[Black "Rodriguez Vila, Andres"]
[Result "1-0"]
[WhiteElo "2535"]
[BlackElo "2485"]
[PlyCount "119"]
[EventDate "2004.06.17"]
[EventType "tourn"]
[EventRounds "9"]
[EventCountry "BRA"]
[EventCategory "4"]
[SourceTitle "EXT 2007"]
[Source "ChessBase"]
[SourceDate "2006.11.23"]
[SourceVersion "1"]
[SourceVersionDate "2006.11.23"]
[SourceQuality "1"]

1. e4 e6 2. d4 d5 3. e5 c5 4. c3 Bd7 5. Nf3 Nc6 6. a3 Nge7 7. Bd3 cxd4 8. cxd4
Qb6 9. Bc2 Nf5 10. Bxf5 exf5 11. Nc3 Be6 12. O-O h6 13. b4 g5 14. Na4 Qd8 15.
Nc5 b6 16. Nxe6 fxe6 17. Ne1 Be7 18. b5 Na5 19. a4 O-O 20. Bd2 Rc8 21. Nd3 Rc4
22. Bxa5 bxa5 23. Rc1 Qb6 24. Rxc4 dxc4 25. Nb2 Rc8 26. d5 Ba3 27. Nxc4 Rxc4
28. d6 Kg7 29. Qd3 Rxa4 30. Qb3 Re4 31. Qxa3 Qxb5 32. Qc1 Rc4 33. Qd2 Rc8 34.
Qd4 Kg6 35. h3 a4 36. Qxa7 Qxe5 37. Rd1 Rd8 38. Qxa4 Qe2 39. Qd4 Rd7 40. Ra1
Qc2 41. Qe5 Qc4 42. Qh8 Qc6 43. Rd1 f4 44. Qg8+ Kf6 45. Qf8+ Kg6 46. h4 gxh4
47. Qg8+ Kf6 48. Qh8+ Kg6 49. Qe5 Kh7 50. Qxe6 Rg7 51. Qh3 Qd7 52. Qxh4 Qf5 53.
Kh2 f3 54. g3 Qc2 55. Qd4 Kg8 56. Qd5+ Kh8 57. Rd2 Qc8 58. d7 Qd8 59. Qe6 h5
60. Rd5 1-0

[Event "Sao Paulo Communic 7th"]
[Site "Sao Paulo"]
[Date "2004.??.??"]
[Round "?"]
[White "Delgado Ramirez, Neuris"]
[Black "Tsuboi, Edson Kenji"]
[Result "1/2-1/2"]
[WhiteElo "2535"]
[BlackElo "2344"]
[PlyCount "83"]
[EventDate "2004.06.17"]
[EventType "tourn"]
[EventRounds "9"]
[EventCountry "BRA"]
[EventCategory "4"]
[SourceTitle "EXT 2007"]
[Source "ChessBase"]
[SourceDate "2006.11.23"]
[SourceVersion "1"]
[SourceVersionDate "2006.11.23"]
[SourceQuality "1"]

1. e4 c5 2. Nf3 d6 3. Bb5+ Bd7 4. Bxd7+ Nxd7 5. O-O Ngf6 6. Qe2 e6 7. c3 Be7 8.
d4 O-O 9. Rd1 cxd4 10. cxd4 d5 11. e5 Ne4 12. Ne1 h6 13. f3 Ng5 14. Nc3 Bb4 15.
Nd3 Bxc3 16. bxc3 Rc8 17. Bd2 Nb6 18. a4 Nc4 19. Be1 b6 20. Nf4 Qe8 21. Bh4 Nh7
22. Nd3 Rc7 23. f4 f5 24. exf6 Nxf6 25. Bxf6 Rxf6 26. g3 Nd6 27. Rdc1 Qc8 28.
a5 Rxc3 29. axb6 axb6 30. Qb2 Rxc1+ 31. Rxc1 Nc4 32. Ne5 Nxb2 33. Rxc8+ Rf8 34.
Rc6 b5 35. Rxe6 Nc4 36. Nc6 Ra8 37. f5 Kf7 38. Kf2 Ra2+ 39. Kf3 Rxh2 40. Ne5+
Kf8 41. Ng6+ Kf7 42. Nh8+ 1/2-1/2

[Event "Sao Paulo Communic 7th"]
[Site "Sao Paulo"]
[Date "2004.??.??"]
[Round "?"]
[White "Fernandez, Daniel"]
[Black "Delgado Ramirez, Neuris"]
[Result "1/2-1/2"]
[WhiteElo "2317"]
[BlackElo "2535"]
[PlyCount "103"]
[EventDate "2004.06.17"]
[EventType "tourn"]
[EventRounds "9"]
[EventCountry "BRA"]
[EventCategory "4"]
[SourceTitle "EXT 2007"]
[Source "ChessBase"]
[SourceDate "2006.11.23"]
[SourceVersion "1"]
[SourceVersionDate "2006.11.23"]
[SourceQuality "1"]

1. e4 c5 2. Nf3 d6 3. d4 cxd4 4. Nxd4 Nf6 5. Nc3 a6 6. f3 e5 7. Nb3 Be7 8. Be3
O-O 9. Qd2 Be6 10. O-O-O Qc7 11. g4 Rc8 12. g5 Nh5 13. Kb1 Nd7 14. Qf2 Qd8 15.
h4 Rxc3 16. bxc3 Qc7 17. Bh3 Bxh3 18. Rxh3 a5 19. Rd5 a4 20. Nc1 Qxc3 21. Qd2
Qc6 22. Qb4 Rc8 23. Rh2 Ng3 24. Qb5 f5 25. gxf6 Nxf6 26. Qxc6 bxc6 27. Ra5 d5
28. Rxa4 dxe4 29. fxe4 Nfxe4 30. Kb2 Rb8+ 31. Nb3 Bb4 32. Rg2 c5 33. a3 Bc3+
34. Kc1 Rf8 35. Kb1 Bd4 36. Bxd4 exd4 37. Kb2 Rb8 38. Kc1 Nc3 39. Ra7 Nf5 40.
Rg5 g6 41. h5 Re8 42. Kb2 Re1 43. Nd2 Nd1+ 44. Kb3 Re3+ 45. Kc4 Re5 46. Kb3 c4+
47. Kb4 Nde3 48. hxg6 Nd5+ 49. Ka4 h6 50. Ra8+ Kg7 51. Ra7+ Kg8 52. Ra8+
1/2-1/2

[Event "Sao Paulo Communic 7th"]
[Site "Sao Paulo"]
[Date "2004.??.??"]
[Round "?"]
[White "Gonzalez, Bolivar Ribeiro"]
[Black "Delgado Ramirez, Neuris"]
[Result "0-1"]
[WhiteElo "2286"]
[BlackElo "2535"]
[PlyCount "62"]
[EventDate "2004.06.17"]
[EventType "tourn"]
[EventRounds "9"]
[EventCountry "BRA"]
[EventCategory "4"]
[SourceTitle "EXT 2007"]
[Source "ChessBase"]
[SourceDate "2006.11.23"]
[SourceVersion "1"]
[SourceVersionDate "2006.11.23"]
[SourceQuality "1"]

1. e4 c5 2. Nf3 d6 3. d4 cxd4 4. Nxd4 Nf6 5. Nc3 Nc6 6. Bc4 e6 7. Bb3 Be7 8.
O-O Bd7 9. Kh1 O-O 10. f4 Na5 11. e5 Ne8 12. Ba4 Bxa4 13. Nxa4 Nc4 14. exd6
Ncxd6 15. b3 Qc7 16. c4 Rd8 17. Qc2 Nf6 18. Bb2 a6 19. Qe2 Rfe8 20. Rac1 Nde4
21. Rcd1 Bd6 22. Qf3 Bb4 23. Bc1 Qa5 24. g4 Bd2 25. Bb2 h6 26. h4 Bxf4 27. Qxf4
e5 28. Qf3 exd4 29. Rxd4 Nd2 30. Rxd2 Qxd2 31. Bxf6 Rd3 0-1

[Event "Sao Paulo Communic 7th"]
[Site "Sao Paulo"]
[Date "2004.??.??"]
[Round "?"]
[White "Needleman, Alejandro"]
[Black "Delgado Ramirez, Neuris"]
[Result "0-1"]
[WhiteElo "2411"]
[BlackElo "2535"]
[PlyCount "58"]
[EventDate "2004.06.17"]
[EventType "tourn"]
[EventRounds "9"]
[EventCountry "BRA"]
[EventCategory "4"]
[SourceTitle "EXT 2007"]
[Source "ChessBase"]
[SourceDate "2006.11.23"]
[SourceVersion "1"]
[SourceVersionDate "2006.11.23"]
[SourceQuality "1"]

1. e4 c5 2. Nf3 d6 3. Bc4 Nf6 4. Qe2 Nc6 5. c3 Bg4 6. h3 Bxf3 7. Qxf3 a6 8. Bb3
g6 9. g4 e6 10. d3 Bg7 11. Nd2 Rc8 12. Nf1 d5 13. exd5 Nxd5 14. Bd2 b5 15. Ng3
O-O 16. O-O c4 17. dxc4 bxc4 18. Bc2 Ndb4 19. Qd1 Nxc2 20. Qxc2 f5 21. gxf5
exf5 22. Rad1 Qh4 23. Rfe1 Ne5 24. Kg2 Nd3 25. Be3 Nxe1+ 26. Rxe1 f4 27. Qe4
Rfe8 28. Qd5+ Kh8 29. Bd4 Rxe1 0-1